[Event "Liptovsky Mikulas V4 U15 op"]
[Site "Liptovsky Mikulas"]
[Date "2016.06.22"]
[Round "1"]
[White "Huna, Rostislav"]
[Black "Seleng, Simon"]
[Result "0-1"]
[WhiteElo "1119"]
[BlackElo "1442"]
[PlyCount "97"]
[EventDate "2016.06.22"]
[EventType "swiss"]
[EventRounds "9"]
[EventCountry "SVK"]
[SourceTitle "CBM 173 Extra"]
[Source "ChessBase"]
[SourceDate "2016.08.29"]
[SourceVersion "1"]
[SourceVersionDate "2016.08.29"]
[SourceQuality "1"]

1. d4 f5 2. g3 e6 3. Bg2 Nf6 4. e3 Be7 5. Nc3 d5 6. Nge2 0-0 7. 0-0 Bd7 8. Bd2 Be8 9. f4 Bh5 10. Re1 Bg6 11. h3 h5 12. Bf3 Ne4 13. Bxe4 dxe4 14. Kf2 c6 15. Rg1 Nd7 16. g4 hxg4 17. hxg4 Bh4+ 18. Kf1 fxg4 19. Rxg4 Bf5 20. Rg1 Bh3+ 21. Rg2 Bxg2+ 22. Kxg2 Qf6 23. Nxe4 Qg6+ 24. N2g3 Bxg3 25. Nxg3 Nf6 26. Kf3 Nh5 27. Qg1 Qxg3+ 28. Qxg3 Nxg3 29. Kxg3 Rf6 30. Rh1 Rg6+ 31. Kf3 Kf7 32. Ke4 Rg2 33. Rd1 Rh8 34. Kd3 Rhh2 35. c3 Kf6 36. b4 g5 37. fxg5+ Kxg5 38. e4+ Kf6 39. a4 Rh3+ 40. Kc4 e5 41. b5 exd4 42. cxd4 Rh5 43. d5 cxd5+ 44. exd5 Rg4+ 45. Kc5 Rxa4 46. Bb4 Ke7 47. Kc4+ Kd7 48. d6 Rh4+ 49. Kb3 0-1